Dekodifikácia ako dôvod novej kodifikácie súkromného práva na Slovensku

Vybrané problémy dekodifikácie ako jedného z dôvodov potreby nového usporiadania súkromného práva.

Saved in:
Bibliographic Details
Main Author: Dulak, Anton
Format: Book Chapter
Language:Slovak
Subjects:
Tags: Add Tag
No Tags, Be the first to tag this record!

MARC

LEADER 00000naa a2200000 4500
001 0216243
005 20221019164759.9
041 0 |a slo 
044 |a SK 
245 1 0 |a Dekodifikácia ako dôvod novej kodifikácie súkromného práva na Slovensku  |c Anton Dulak 
520 |a Vybrané problémy dekodifikácie ako jedného z dôvodov potreby nového usporiadania súkromného práva. 
610 2 0 |a kodifikácia práva 
610 2 0 |a právo súkromné 
610 2 0 |a Slovensko 
610 2 0 |a história 
100 1 |a Dulak, Anton